000 01036nam0a22002771 4500
001 GAK\3366096
005 20250806201234.0
035 _a(NLR Aleph) 010506472
090 _a64965
_c64965
100 _a20140829d1943 k y0rusy50 ca
101 0 _arus
102 _aRU
105 _aa z |||||
200 1 _aВращательное движение артиллерийского снаряда
_fпроф. Б.Н. Окунев
210 _aМосква
_aЛенинград
_cОГИЗ-Гостехиздат
_d1943
_eв Москве
215 _a160 с.
_cчерт.
_d20
606 1 _aСнаряды (арт.)
_xВращательное движение
_2nlr_sh2
_3RU\NLR\AUTH\66614243
686 0 _aЦ541.3-11
_2rubbk
700 1 _aОкунев
_bБ. Н.
_f1897-1961
_gБорис Николаевич
801 0 _aRU
_bNLR
_c20140829
_gpsbo
801 1 _aRU
_bNLR
_c20140829
_2rusmarc
852 _aNLR
_jВ60 Г-3/60
942 _cBOOK
945 _aРоссийская национальная библиотека
980 _aNB
980 _aBV